[Event "CSR-ch"]
[Site "Trencianske Teplice"]
[Date "1979.??.??"]
[Round "15"]
[White "Sikora Lerch, Jan"]
[Black "Ftacnik, Lubomir"]
[Result "1/2-1/2"]
[WhiteElo "2430"]
[BlackElo "2430"]

1.e4 g6 2.d4 Bg7 3.Nc3 d6 4.f4 Nf6 5.Nf3 O-O 6.Be2 c5 7.dxc5 Qa5 8.O-O Qxc5+
9.Kh1 Nbd7 10.Qe1 a6 11.Bd3 b5 12.e5 dxe5 13.fxe5 Ng4 14.e6 Nde5 15.Nxe5 Qxe5
16.Qxe5 Nxe5 17.exf7+ Rxf7 18.Rxf7 Kxf7 19.Be4 Rb8 20.Bf4 Be6 21.Rf1 Kg8
22.Re1 Rf8 23.Bxe5 Bxe5 24.Bd3 Bc4 25.Rxe5 Bxd3 26.h3 Bxc2 27.Rxe7 b4 28.Nd5 a5
29.Kg1 Bd3 30.Ne3 Rc8 31.Ra7 Rc1+ 32.Kh2 Rc5 33.Ng4 Be2 34.Nf6+ Kf8 35.Nxh7+ Kg8
36.Nf6+ Kf8 37.Nh7+ Kg8 38.Nf6+  1/2-1/2

[Event "Tirnavia-A"]
[Site "Trnava"]
[Date "1979.??.??"]
[Round "11"]
[White "Pavlov, Mircea"]
[Black "Bohosjan, Sarkis"]
[Result "1/2-1/2"]
[WhiteElo "2410"]
[BlackElo "2410"]

1.e4 d6 2.d4 g6 3.Nc3 Bg7 4.f4 c6 5.Be3 b5 6.e5 Nh6 7.Nf3 d5 8.Bd3 Bf5 9.h3 Bxd3
10.Qxd3 Nf5 11.Bf2 h5 12.g3 e6 13.Kf1 Bf8 14.Kg2 Be7 15.g4 Ng7 16.Ne2 Nd7
17.c3 Rb8 18.b3 c5 19.dxc5 Nxc5 20.Bxc5 Bxc5 21.b4 Be7 22.a4 bxa4 23.Rxa4 hxg4
24.hxg4 Rxh1 25.Kxh1 Qd7 26.Qa6 Rb7 27.Kg2 Bd8 28.Ra1 Bb6 29.Ned4 Kf8 30.Qd3 Rc7
31.Ng5 Bxd4 32.Qxd4 Qb5 33.Nh7+ Ke7 34.Rxa7 Qe2+ 35.Kg3 Qe1+  1/2-1/2

[Event "URS Spartakiad"]
[Site "URS"]
[Date "1979.??.??"]
[Round "?"]
[White "Korzubov, Peter"]
[Black "Zilberman, Yaacov"]
[Result "0-1"]
[WhiteElo "2200"]
[BlackElo "2200"]

1.d4 g6 2.e4 Bg7 3.Nc3 d6 4.Bg5 c6 5.Qd2 b5 6.f3 a6 7.h4 h5 8.Nh3 Nd7 9.O-O-O Qc7
10.Re1 e5 11.dxe5 dxe5 12.Bd3 Bb7 13.Reg1 Ngf6 14.g4 Nc5 15.Qf2 Ne6 16.Be3 Nd7
17.Ne2 c5 18.c3 c4 19.Bc2 hxg4 20.fxg4 Ndc5 21.Ng3 O-O-O 22.Ng5 Rd7 23.Nxe6 Nxe6
24.Ne2 Qd8 25.h5 Bh6 26.Bxh6 Rxh6 27.Qe3 Qg5 28.Qxg5 Nxg5 29.Ng3 Kd8 30.Rd1 Rxd1+
31.Rxd1+ Ke7 32.Rf1 Bc8 33.Bd1 Bb7 34.Bc2 Rh8 35.Rh1 Ne6 36.Kd2 Kf6 37.Ke3 Kg7
38.Rf1 Nf4 39.Rd1 Bc8 40.hxg6 Kxg6 41.Nf5  0-1

[Event "BCF-ch"]
[Site "Brighton"]
[Date "1980.08.08"]
[Round "5"]
[White "Knox, Victor W"]
[Black "Fuller, Maxwell L"]
[Result "1/2-1/2"]
[WhiteElo "2335"]
[BlackElo "2355"]

1.e4 g6 2.d4 Bg7 3.Nc3 d6 4.Bc4 Nf6 5.Qe2 Nc6 6.e5 Nd7 7.Nf3 Nb6 8.Bb3 d5
9.Bf4 Bg4 10.O-O-O e6 11.h3 Bxf3 12.Qxf3 Na5 13.h4 h5 14.Kb1 Bf8 15.Ne2 Be7
16.g3 Nxb3 17.Qxb3 a5 18.Bc1 a4 19.Qf3 Nc4 20.g4 c5 21.gxh5 Rxh5 22.Ng3 Rxh4
23.Rxh4 Bxh4 24.Rh1 cxd4 25.Qg4 Qb6 26.Rxh4 Na3+ 27.Ka1 Nxc2+ 28.Kb1 Na3+
29.Ka1  1/2-1/2

[Event "IBM-B"]
[Site "Amsterdam"]
[Date "1980.??.??"]
[Round "?"]
[White "Sznapik, Aleksander"]
[Black "Van Wijgerden, Cornelis"]
[Result "0-1"]
[WhiteElo "2460"]
[BlackElo "2435"]

1.e4 g6 2.d4 Bg7 3.Nc3 d6 4.f4 Nf6 5.Nf3 c5 6.dxc5 Qa5 7.Bd3 Qxc5 8.Qe2 Bg4
9.Be3 Qa5 10.O-O O-O 11.Qf2 Bxf3 12.Qxf3 Nc6 13.Kh1 Nb4 14.Rae1 Nxd3 15.cxd3 e6
16.Bc1 Nd7 17.f5 Rae8 18.Bf4 Qa6 19.Qg3 Nf6 20.Bg5 exf5 21.exf5 Rxe1 22.Rxe1 Qc6
23.Qh4 Re8 24.Rf1 Nd5 25.Ne4 Re5 26.fxg6 hxg6 27.Bh6 Bxh6 28.Qxh6 Rh5 29.Qd2 Qe8
30.h3 Qe5 31.Qc1 Kg7 32.Rf3 Ne7 33.Qc7 d5 34.Qxe5+ Rxe5 35.Nd6 f5 36.Nxb7 Re2
37.d4 Rxb2 38.Rb3 Rxb3 39.axb3 Nc6 40.Nd6 Nxd4 41.b4 Kf6 42.Nc8 Nb5  0-1

[Event "IBM-B"]
[Site "Amsterdam"]
[Date "1980.??.??"]
[Round "?"]
[White "Unzicker, Wolfgang"]
[Black "Van Wijgerden, Cornelis"]
[Result "1-0"]
[WhiteElo "2510"]
[BlackElo "2435"]

1.e4 g6 2.d4 Bg7 3.Nc3 d6 4.f4 Nf6 5.Nf3 c5 6.dxc5 Qa5 7.Bd3 Qxc5 8.Qe2 Bg4
9.Be3 Qa5 10.O-O O-O 11.h3 Bxf3 12.Qxf3 Nc6 13.a3 Nd7 14.Bd2 Qb6+ 15.Kh1 Nc5
16.Rab1 Nxd3 17.Qxd3 Rac8 18.Nd5 Qd4 19.Qe2 Qa4 20.Bc3 Bxc3 21.Nxc3 Qa5 22.Rfd1 a6
23.Nd5 Kg7 24.c3 e6 25.Ne3 Qc7 26.Rd3 Rfd8 27.Rbd1 Na5 28.Qf2 Qe7 29.f5 Nc4
30.Ng4 f6 31.fxe6 h5 32.Ne3 Nxe3 33.Qxe3 Qxe6 34.Qb6 Qxe4 35.Re3 Qa4 36.Re7+ Kg8
37.Qxb7 Qxd1+ 38.Kh2  1-0

[Event "IBM"]
[Site "Amsterdam"]
[Date "1980.??.??"]
[Round "?"]
[White "Van der Wiel, John TH"]
[Black "Larsen, Bent"]
[Result "1-0"]
[WhiteElo "2465"]
[BlackElo "2585"]

1.e4 g6 2.d4 Bg7 3.Nc3 d6 4.f4 Nf6 5.Nf3 c5 6.Bb5+ Bd7 7.Bxd7+ Nfxd7 8.d5 O-O
9.O-O Na6 10.Qe2 Nc7 11.a4 a6 12.Rd1 b6 13.e5 Qc8 14.Ne4 dxe5 15.d6 exd6
16.Nxd6 Qb8 17.Ng5 Nf6 18.fxe5 Nfd5 19.Ngxf7 Rxf7 20.Nxf7 Kxf7 21.Qf3+ Kg8
22.Rxd5 Nxd5 23.Qxd5+ Kh8 24.Bf4 Qd8 25.Rd1 Qxd5 26.Rxd5 Kg8 27.Kf2 Kf8 28.Ke3 Ke8
29.Rd6 b5 30.b3 c4 31.axb5 axb5 32.Re6+ Kf8 33.Rb6 g5 34.Bg3 Ra2 35.e6 Ke7
36.Be1  1-0

[Event "Berlin tt"]
[Site "Berlin-West"]
[Date "1980.??.??"]
[Round "?"]
[White "Delaney, John"]
[Black "Keene, Raymond D"]
[Result "1/2-1/2"]
[WhiteElo "2205"]
[BlackElo "2460"]

1.e4 g6 2.d4 Bg7 3.Nc3 d6 4.f4 Nc6 5.Be3 Nf6 6.Nf3 O-O 7.Be2 a6 8.e5 Ng4
9.Bg1 b5 10.h3 Nh6 11.g4 Bb7 12.a4 b4 13.Na2 dxe5 14.dxe5 f6 15.exf6 exf6
16.Bc5 Re8 17.Kf2 f5 18.Bc4+ Kh8 19.g5 Ng8 20.Kg3 Bxb2 21.Qg1 Re4 22.Rd1 Qe8
23.Bd5 Nge7 24.Nxb4 Rxb4 25.Bxb4 Nxd5 26.Re1 Qd7 27.Bc5 Nc3 28.h4 Ne4+ 29.Kh3 Qd5
30.Be3 Na5 31.Ne5 Bxe5 32.fxe5 f4 33.Bxf4 Rf8 34.Rf1 Qe6+ 35.Kh2 Nc3 36.Qc5 Rf7
37.Qxc3 Bxh1 38.Kxh1 Nc6 39.Kg2 Qg4+ 40.Qg3 Qe2+ 41.Rf2 Qe4+ 42.Kh2 Nd4 43.Qe3 Qxe3
44.Bxe3 Rxf2+ 45.Bxf2 Ne6  1/2-1/2

[Event "Berlin tt"]
[Site "Berlin-West"]
[Date "1980.??.??"]
[Round "?"]
[White "Hartston, William R"]
[Black "Tonoli, Walter"]
[Result "1-0"]
[WhiteElo "2465"]
[BlackElo "2200"]

1.d4 g6 2.e4 d6 3.Nc3 Bg7 4.Be3 Nf6 5.f3 O-O 6.Qd2 Re8 7.O-O-O c6 8.Bh6 Qa5
9.h4 Nbd7 10.h5 Nf8 11.hxg6 fxg6 12.Bc4+ Be6 13.Bxg7 Kxg7 14.Bxe6 Nxe6 15.d5 cxd5
16.exd5 Nf8 17.Nge2 e5 18.dxe6 Rxe6 19.Nf4 Re7 20.Nfd5 Nxd5 21.Qh6+ Kh8 22.Rxd5 Qc7
23.Qd2 Re6 24.Rd1 Rd8 25.Qd4+ Kg8 26.Qxa7 Nd7 27.Qd4 Nf6 28.Rb5 Qg7 29.Nd5 Rd7
30.Qc4 Qf7 31.Nxf6+ Rxf6 32.Qxf7+ Kxf7 33.Rbd5 Ke7 34.Re1+ Re6 35.Rxe6+ Kxe6
36.c4 Rc7 37.b3 h5 38.Kd2 Rc5 39.Rxc5 dxc5 40.Ke3 Kf5 41.a3 g5 42.b4 cxb4
43.axb4  1-0

[Event "Berlin tt"]
[Site "Berlin-West"]
[Date "1980.??.??"]
[Round "?"]
[White "Delaney, John"]
[Black "Rasmussen, Lars Bo"]
[Result "1-0"]
[WhiteElo "2205"]
[BlackElo "2200"]

1.e4 d6 2.d4 g6 3.Nc3 Bg7 4.f4 Nf6 5.Nf3 c6 6.a4 Na6 7.Be2 O-O 8.O-O Bd7
9.h3 Nc7 10.e5 Nfe8 11.Be3 Nd5 12.Nxd5 cxd5 13.Qd2 f6 14.c4 e6 15.b4 b6 16.Rfc1 Bc6
17.c5 bxc5 18.bxc5 dxe5 19.fxe5 fxe5 20.dxe5 Qd7 21.Qd4 Rb8 22.h4 Nc7 23.h5 gxh5
24.Ra3 Rb7 25.Bd3 Rfb8 26.Bd2 Rb2 27.Rf1 Qe7 28.Bg5 Qe8 29.Bf6 R2b4 30.Qe3 Rg4
31.Ra2 h4 32.Nd4 Rb4 33.Bxg7 Rxg7 34.Raf2 Bxa4 35.Qh6 Rb8 36.Rf6 Qe7 37.R1f4 Qxc5
38.Rg4 Qc1+ 39.Qxc1 Rxg4 40.Qxc7  1-0

[Event "HUN-ch+"]
[Site "Budapest"]
[Date "1980.??.??"]
[Round "?"]
[White "Rigo, Janos"]
[Black "Petran, Pal"]
[Result "1/2-1/2"]
[WhiteElo "2375"]
[BlackElo "2445"]

1.e4 g6 2.d4 Bg7 3.Nc3 d6 4.Nf3 Nf6 5.Be2 O-O 6.O-O Bg4 7.Be3 Nc6 8.d5 Bxf3
9.Bxf3 Ne5 10.Be2 c6 11.f4 Ned7 12.Bf3 Qa5 13.a3  1/2-1/2

[Event "HUN-ch"]
[Site "Budapest"]
[Date "1980.??.??"]
[Round "?"]
[White "Rajna, George"]
[Black "Vadasz, Laszlo"]
[Result "1-0"]
[WhiteElo "2400"]
[BlackElo "2500"]

1.e4 d6 2.d4 g6 3.Nc3 Bg7 4.Nf3 Nf6 5.Bf4 O-O 6.Qd2 Bg4 7.Be2 Nc6 8.d5 Bxf3
9.Bxf3 Ne5 10.Be2 c6 11.dxc6 bxc6 12.O-O Qa5 13.Nd5 Qxd2 14.Nxf6+ Bxf6 15.Bxd2 Nd7
16.Rab1 Nc5 17.Bf3 Na4 18.e5 Bxe5 19.Bxc6 Nxb2 20.Bxa8 Rxa8 21.Bc1 Na4 22.Rb7 Bf6
23.Be3 a6 24.Rfb1 Kg7 25.Rb8 Rxb8 26.Rxb8 Nc3 27.a3 Nb5 28.a4 Nc3 29.a5 Nd5
30.Rb6 Bc3 31.Rxa6 f5 32.g3 Kf6 33.Ra8 e5 34.a6  1-0

[Event "Fyn"]
[Site "DEN"]
[Date "1980.??.??"]
[Round "?"]
[White "Jensen, Vagn"]
[Black "Ravikumar, Vaidyanathan"]
[Result "0-1"]
[WhiteElo "2225"]
[BlackElo "2305"]

1.e4 d6 2.d4 g6 3.Nc3 Bg7 4.Bg5 a6 5.Bc4 Nc6 6.Nf3 h6 7.Be3 e6 8.Qe2 Nf6
9.O-O-O O-O 10.e5 Nd7 11.h4 h5 12.Bg5 Qe8 13.exd6 cxd6 14.Ne4 Nb6 15.Nxd6 Qd7
16.Bf4 Nxc4 17.Qxc4 b5 18.Qc5 Bb7 19.Rhg1 Rac8 20.Nxc8 Rxc8 21.Qd6 Qe8 22.Ne5 Kh7
23.Nxc6 Rxc6 24.Qa3 Rc4 25.Qe3 b4 26.Kb1 Bd5 27.f3 Qb5 28.g4 Rc3 29.Rd3 Bxa2+
30.Kc1 Rxd3 31.cxd3 Bd5 32.gxh5 Qa4 33.hxg6+ fxg6 34.Bd6 b3 35.Ba3 Bxd4 36.Qg5 Qe8
37.Bf8 Qc6+  0-1

[Event "Esbjerg-B"]
[Site "Esbjerg"]
[Date "1980.??.??"]
[Round "7"]
[White "Bednarski, Jacek B"]
[Black "Ravikumar, Vaidyanathan"]
[Result "0-1"]
[WhiteElo "2385"]
[BlackElo "2305"]

1.e4 d6 2.d4 g6 3.Nc3 Bg7 4.g3 Nc6 5.Be3 e5 6.dxe5 Nxe5 7.f4 Nc6 8.Bg2 Nf6
9.Nge2 O-O 10.h3 Bd7 11.Bf2 Rb8 12.O-O b5 13.Nd5 Re8 14.Nxf6+ Qxf6 15.e5 Qe7
16.exd6 Qxd6 17.Nc3 b4 18.Ne4 Qxd1 19.Raxd1 Bxh3 20.Bxh3 Rxe4 21.Bg2 Rc4
22.Bd5 Rxc2 23.Bd4 Rxb2 24.Bxc6 Rxa2 25.Bd5 Ra3 26.Rfe1 Bf6 27.Re3 Rc3 28.Rxc3 bxc3
29.Rc1 a5 30.Be4 a4 31.Kf1 a3 32.Rc2 Rb4 33.Bd3 h5 34.Ra2 h4 35.Rxa3 h3 36.Ra2 Bxd4
37.Ke2  0-1

[Event "Hillerod"]
[Site "Hillerod"]
[Date "1980.??.??"]
[Round "6"]
[White "Jensen, Allan"]
[Black "Hoi, Carsten"]
[Result "0-1"]
[WhiteElo "2245"]
[BlackElo "2410"]

1.e4 g6 2.d4 Bg7 3.Nc3 d6 4.f4 Nf6 5.Nf3 O-O 6.Be2 c5 7.dxc5 Qa5 8.O-O Qxc5+
9.Kh1 Nbd7 10.Nd2 a6 11.Nb3 Qc7 12.a4 b6 13.Bf3 Bb7 14.Be3 Rac8 15.Qe1 e5
16.f5 gxf5 17.exf5 d5 18.Qg3 Kh8 19.Rad1 d4 20.Nxd4 exd4 21.Bf4 Qc4 22.Bxb7 dxc3
23.b3 Qe2 24.Bxc8 Rxc8 25.Qd3 Qg4 26.h3 Qh5 27.Qxa6 Re8 28.Qb5 Qe2 29.Qd3 Nc5
30.Qxc3 Nfe4 31.Qc4 Qxc4 32.bxc4 Nxa4 33.Rd7 Kg8 34.Ra7 Nb2 35.Rfa1 Nxc4
36.Ra8 Ncd6 37.R1a4 Kf8 38.f6 Bxf6 39.Rxe4 Nxe4 40.Bh6+ Ke7  0-1

[Event "Hillerod"]
[Site "Hillerod"]
[Date "1980.??.??"]
[Round "7"]
[White "Reinert, Mads"]
[Black "Kristensen, Bjarke"]
[Result "1/2-1/2"]
[WhiteElo "2200"]
[BlackElo "2295"]

1.e4 g6 2.d4 Bg7 3.Nc3 d6 4.f4 Nf6 5.Nf3 O-O 6.Bd3 Nc6 7.e5 dxe5 8.dxe5 Nd5
9.Nxd5 Qxd5 10.Qe2 Bg4 11.Bc4 Qa5+ 12.c3 Nd4 13.Qe4 Nxf3+ 14.gxf3 Be6 15.Bxe6 fxe6
16.Qxb7 Qc5 17.Qe4 Rad8 18.Be3 Qb5 19.b4 g5 20.a4 Qe8 21.fxg5 Rd5 22.f4 Bxe5
23.fxe5 Qc6 24.Bd4 Rf3 25.b5 Qb7 26.c4 Rxb5 27.Qxb7 Rxb7 28.Kd2 c6 29.Kc2 Rb4
30.Bxa7 Rxc4+ 31.Kd2 c5 32.Rhc1 Rh4 33.Bxc5 Rxh2+ 34.Ke1 Rf5 35.Bd4 Rf4 36.Rd1 Rxd4
37.Rxd4 Rh1+ 38.Kd2 Rxa1 39.Kc3 Kg7 40.Kb4 Kg6 41.Rh4 Kxg5  1/2-1/2

[Event "Krasnodar"]
[Site "Krasnodar"]
[Date "1980.??.??"]
[Round "?"]
[White "Petrushin, Alexander I"]
[Black "Tseshkovsky, Vitaly"]
[Result "0-1"]
[WhiteElo "2390"]
[BlackElo "2595"]

1.e4 g6 2.d4 Bg7 3.Nc3 d6 4.Be3 c6 5.a4 Nf6 6.f3 O-O 7.Nge2 e5 8.dxe5 dxe5
9.Nc1 Be6 10.Qxd8 Rxd8 11.Nb3 Bxb3 12.cxb3 Nbd7 13.Bc4 Bf8 14.Ke2 b6 15.Ba6 Rab8
16.Rac1 Ne8 17.Na2 Nc5 18.Bc4 a5 19.Nc3 Nd6 20.Bxc5 bxc5 21.Rhd1 Bh6 22.Rc2 Kf8
23.Na2 Ke7 24.Rd3 f5 25.Rdc3 fxe4 26.fxe4 Nxc4 27.Rxc4 Rxb3 28.Nc3 Rdb8 29.Rxc5 Rxb2
30.Kd3 Rxc2 31.Kxc2 Kd6 32.Rxa5 Be3 33.Ra6 Kc7 34.Ra5 Re8 35.Rd5 Bd4  0-1

[Event "Malta ol (Men)"]
[Site "La Valetta"]
[Date "1980.??.??"]
[Round "?"]
[White "Sanz Alonso, Francisco Javier"]
[Black "Lobron, Eric"]
[Result "1/2-1/2"]
[WhiteElo "2200"]
[BlackElo "2335"]

1.e4 g6 2.d4 Bg7 3.Nc3 d6 4.f4 Nc6 5.Be3 Nf6 6.Nf3 O-O 7.e5 dxe5 8.dxe5 Nh5
9.Bc4 Bh6 10.Qxd8 Rxd8 11.g3 Bf5 12.Rc1 Na5 13.Be2 Be6 14.b3 Nc6 15.O-O f6
16.exf6 Nxf6 17.Bb5 Nd5 18.Nxd5 Bxd5 19.Rcd1 Nb4 20.Bc5 Nxc2 21.Rc1 c6 22.Bxc6 Bxc6
23.Rxc2 Be4 24.Rcf2 e6 25.Re1 Bd5 26.Kf1 b6 27.Ba3 Bg7 28.Ng5 Bc3 29.Rc1 Bd4
30.Re2 Re8 31.Bd6 h6 32.Ne4 Rac8 33.Rd1 Bg7 34.Ba3 Rc6 35.Rxd5 exd5 36.Nf6+ Bxf6
37.Rxe8+ Kf7 38.Rf8+ Kg7 39.Ra8 Rc7 40.Bf8+ Kf7 41.Bxh6 d4 42.Bg5 d3 43.Ke1 Bc3+
44.Kd1 Bb4 45.a3 Bxa3 46.Kd2 Rd7 47.Rd8 Bb4+ 48.Ke3 Bc5+ 49.Kd2 Bb4+ 50.Ke3 Rxd8
51.Bxd8 d2 52.Ke2 Ke6 53.g4 b5 54.Bg5  1/2-1/2

[Event "WchT U26"]
[Site "Mexico"]
[Date "1980.??.??"]
[Round "?"]
[White "Mendoza, Rafael"]
[Black "Taulbut, Shaun M"]
[Result "1/2-1/2"]
[WhiteElo "2200"]
[BlackElo "2375"]

1.e4 g6 2.d4 d6 3.Nc3 Bg7 4.f4 Nf6 5.Nf3 O-O 6.Bd3 Na6 7.O-O c5 8.dxc5 Nxc5
9.Kh1 Bg4 10.Qe1 Nfd7 11.Qg3 Bxf3 12.Qxf3 Rc8 13.Bd2 Nb6 14.Rae1 Nca4 15.Nxa4 Nxa4
16.b3 Nc5 17.Be2 Nd7 18.c4 a5 19.a4 Qb6 20.Bd1 Qc5 21.g4 b6 22.g5 e6 23.Re2 f6
24.h4 Rce8 25.Rh2 Rf7 26.Qh3 Nf8 27.gxf6 Bxf6 28.h5 Ree7 29.Rg1 Rg7 30.Rf1  1/2-1/2

[Event "New York Inv"]
[Site "New York"]
[Date "1980.??.??"]
[Round "7"]
[White "Mednis, Edmar John"]
[Black "Burger, Karl"]
[Result "0-1"]
[WhiteElo "2485"]
[BlackElo "2335"]

1.e4 g6 2.d4 d6 3.Nc3 Bg7 4.f4 Nc6 5.Be3 Nf6 6.Be2 O-O 7.Nf3 a6 8.e5 Ng4
9.Bg1 b5 10.Ng5 Nh6 11.Bf3 Bd7 12.e6 fxe6 13.Bxc6 Bxc6 14.Nxe6 Qc8 15.d5 Bxc3+
16.bxc3 Rf6 17.Ng5 Bb7 18.Qe2 Nf7 19.O-O-O Rxf4 20.Qxe7 Nxg5 21.Qxg5 Qf5
22.Qh6 Rg4 23.Bd4 Qf4+ 24.Qxf4 Rxf4 25.Rhe1 Bxd5 26.Be5 dxe5 27.Rxd5 Re8
28.Rdxe5 Rxe5 29.Rxe5 Rf2 30.g4 Rxh2 31.Re8+ Kf7 32.Rc8 Kf6 33.Rxc7 Kg5 34.Rc6 Kxg4
35.Rxa6 Rf2 36.Rc6 Rf4 37.Kb2 Kg5 38.Rc5+ Rf5 39.Rc7 h5 40.c4 bxc4 41.a4 h4
42.Kc3 h3 43.Rh7 Kg4 44.Rh6 g5 45.Kxc4 Kg3 46.Rh5 h2  0-1

[Event "DEN-ch"]
[Site "Odense"]
[Date "1980.??.??"]
[Round "1"]
[White "Nielsen, Jorgen G"]
[Black "Hoi, Carsten"]
[Result "1/2-1/2"]
[WhiteElo "2200"]
[BlackElo "2410"]

1.e4 g6 2.d4 Bg7 3.Nc3 d6 4.Be3 a6 5.Qd2 b5 6.f3 Nd7 7.Nge2 Ngf6 8.g4 Nb6
9.b3 h5 10.g5 Nfd7 11.a4 bxa4 12.Nxa4 O-O 13.Nxb6 Nxb6 14.Bg2 e5 15.O-O Qe7
16.dxe5 dxe5 17.Rfd1 Be6 18.Nc1 h4 19.Qf2 h3 20.Bf1 a5 21.Nd3 a4 22.Nc5 axb3  1/2-1/2

[Event "Rostov"]
[Site "Rostov"]
[Date "1980.??.??"]
[Round "?"]
[White "Semenova, Lidia K"]
[Black "Gurieli, Nino"]
[Result "1-0"]
[WhiteElo "2235"]
[BlackElo "2255"]

1.e4 g6 2.d4 Bg7 3.Nc3 d6 4.Be3 Nd7 5.Qd2 c6 6.f3 a6 7.a4 Qa5 8.Nh3 Ngf6
9.Be2 O-O 10.O-O c5 11.Nf2 cxd4 12.Bxd4 Ne5 13.Rfd1 Qc7 14.Nd5 Nxd5 15.exd5 b6
16.c4 Nd7 17.Bxg7 Kxg7 18.a5 bxa5 19.Rxa5 Qb6 20.Kf1 Rb8 21.Qc3+ f6 22.Ra2 Nc5
23.Bd3 Bd7 24.Bc2 Qb4 25.Qd4 Rfc8 26.Kg1 Rb7 27.Qe3 Ba4 28.Bxa4 Nxa4 29.Rda1 Nc5
30.Rc1 Qb3 31.Qxb3 Rxb3 32.Ne4 Nd3 33.Rb1 Rcb8 34.Rxa6 Rxb2 35.Rxb2 Rxb2
36.h4 f5 37.Ng5 h6 38.Ne6+ Kf7 39.Ra8 Kf6 40.f4 g5 41.hxg5+ hxg5 42.fxg5+ Kg6
43.g4 fxg4 44.Rg8+ Kf5 45.g6 Rb1+ 46.Kg2 Rb2+ 47.Kf1 Rb1+ 48.Ke2 g3 49.g7 g2
50.Rf8+ Ke5 51.g8=Q Nf4+ 52.Nxf4 g1=Q 53.Qh8+ Ke4 54.Qh7+ Ke5  1-0

[Event "Silkeborg"]
[Site "Silkeborg"]
[Date "1980.??.??"]
[Round "3"]
[White "Fries Nielsen, Jens Ove"]
[Black "Taulbut, Shaun M"]
[Result "1-0"]
[WhiteElo "2355"]
[BlackElo "2375"]

1.e4 g6 2.d4 d6 3.Nc3 Bg7 4.Nf3 Nf6 5.Be2 O-O 6.O-O Bg4 7.h3 Bxf3 8.Bxf3 Nc6
9.Ne2 Nd7 10.c3 Nb6 11.a4 a5 12.g3 e5 13.Bg2 f5 14.dxe5 dxe5 15.Qb3+ Kh8
16.Be3 Qd3 17.Rfe1 Rad8 18.exf5 Nd4 19.Nxd4 exd4 20.f6 Bxf6 21.Bh6 dxc3 22.Rad1 Qf5
23.Bxf8 Rxf8 24.bxc3 Qc5 25.Re3 c6 26.Rf3 Kg7 27.Rb1 Nc4 28.Rd1 Rf7 29.Kh2 h5
30.Rf4 Ne5 31.h4 Ng4+ 32.Kg1 Re7 33.Bh3 Be5 34.Qc4 Qb6 35.Bxg4 Bxf4 36.Qxf4 hxg4
37.Qxg4 Qc5 38.Qd4+ Qxd4 39.Rxd4 Re1+ 40.Kg2 Rb1 41.Kh3 Rb3 42.Rc4 Ra3 43.f4 b5
44.Rxc6 Rxa4 45.Rc5  1-0

[Event "Stary Smokovec"]
[Site "Stary Smokovec"]
[Date "1980.??.??"]
[Round "1"]
[White "Banas, Jan"]
[Black "Petran, Peter"]
[Result "1/2-1/2"]
[WhiteElo "2365"]
[BlackElo "2300"]

1.e4 g6 2.d4 Bg7 3.Nc3 d6 4.f4 a6 5.Nf3 b5 6.Bd3 Bb7 7.Qe2 e6 8.O-O Nd7 9.f5 e5
10.dxe5 dxe5 11.fxg6 hxg6 12.a4 c6 13.Be3 Ngf6 14.Ng5 O-O 15.Qf2 Nh7 16.Qh4 Nxg5
17.Bxg5 f6 18.Be3 Qe7 19.Qg4 Qf7 20.Rf3 Rfe8 21.Raf1 Bc8 22.Qh4 Qe7 23.Bh6 Rf8
24.Rg3 g5 25.Qh5 Bxh6 26.Qxh6 Qh7 27.Qxh7+  1/2-1/2

[Event "Stary Smokovec"]
[Site "Stary Smokovec"]
[Date "1980.??.??"]
[Round "8"]
[White "Franzen, Josef"]
[Black "Petran, Peter"]
[Result "1/2-1/2"]
[WhiteElo "2330"]
[BlackElo "2300"]

1.e4 g6 2.d4 Bg7 3.Nc3 d6 4.f4 Nf6 5.Nf3 O-O 6.Be2 c5 7.dxc5 Qa5 8.O-O Qxc5+
9.Kh1 Nc6 10.Bd3 e5 11.Qe1 exf4 12.Bxf4 Ne5 13.Qh4 Nxf3 14.Rxf3 Bg4 15.Rg3 h5
16.h3 Be6 17.Rf1 Nd7 18.Ne2 Qc7 19.Be3 Qd8 20.Bg5 f6 21.Bd2 Bf7 22.Qf4 Ne5
23.Nc3 Kh7 24.Qf2 a6 25.Nd5 Bxd5 26.exd5 f5 27.Be2 Rc8 28.Rc3 Rxc3 29.Bxc3 Qc7
30.Rd1 b5 31.a3 Rc8 32.Qf1 Nc4 33.Bxg7 Qxg7 34.Bxc4 Rxc4 35.c3 Qe5 36.Qf2 Re4
37.Qa7+ Kh6 38.Qxa6 Re1+ 39.Rxe1 Qxe1+ 40.Kh2 Qe5+ 41.Kh1 Qxd5 42.Qb6  1/2-1/2

[Event "Rilton Cup"]
[Site "Stockholm"]
[Date "1980.??.??"]
[Round "?"]
[White "Nykopp, Jan Michael F"]
[Black "Schussler, Harry"]
[Result "0-1"]
[WhiteElo "2315"]
[BlackElo "2420"]

1.e4 g6 2.Nc3 Bg7 3.d4 d6 4.Nf3 Nf6 5.Be2 O-O 6.O-O c6 7.a4 Nbd7 8.h3 e5
9.dxe5 dxe5 10.Be3 Qe7 11.Nd2 Nc5 12.Bf3 Rd8 13.Qc1 Nfd7 14.Re1 Ne6 15.g3 Nd4
16.Bg2 Nc5 17.b4 Na6 18.Na2 Nxb4 19.Nxb4 Qxb4 20.c3 Qe7 21.f4 Ne6 22.f5 Nc5
23.Qa3 Bf8 24.Rf1 b6 25.Qa2 Rd3 26.Rae1 Rxc3 27.Kh2 Nd3 28.fxg6 hxg6 29.Bg5 Qe6
30.Qa1 Nxe1 31.Qxc3 Nxg2 32.Kxg2 Qxh3+ 33.Kf2 Bc5+ 34.Ke1 Ba6 35.Nc4 Qg4
36.Ne3 Qxg3+  0-1

[Event "Rilton Cup"]
[Site "Stockholm"]
[Date "1980.??.??"]
[Round "?"]
[White "Fries Nielsen, Jens Ove"]
[Black "Sznapik, Aleksander"]
[Result "1-0"]
[WhiteElo "2355"]
[BlackElo "2460"]

1.e4 g6 2.d4 Bg7 3.Nc3 d6 4.Nf3 Nf6 5.Be2 O-O 6.O-O c6 7.a4 Nbd7 8.e5 Ne8
9.Re1 Nc7 10.Bf4 Ne6 11.Bg3 d5 12.a5 f6 13.exf6 exf6 14.a6 Re8 15.axb7 Bxb7
16.Qd2 a5 17.b3 f5 18.Na4 g5 19.h3 f4 20.Bh2 c5 21.Bb5 cxd4 22.Bxd7 Qxd7
23.Nb6 Qc6 24.Nxa8 Bxa8 25.Rxa5 d3 26.Qxd3 Bb7 27.Ra7 h6 28.Qg6 Kf8 29.Rb1  1-0

[Event "CSR-ch"]
[Site "Trnava"]
[Date "1980.??.??"]
[Round "2"]
[White "Ambroz, Jan"]
[Black "Vokac, Marek"]
[Result "1-0"]
[WhiteElo "2390"]
[BlackElo "2330"]

1.e4 g6 2.d4 Bg7 3.Nc3 d6 4.Bc4 Nf6 5.Qe2 Nc6 6.Nf3 O-O 7.e5 dxe5 8.dxe5 Ng4
9.e6 f5 10.Bg5 Qd6 11.Rd1 Qb4 12.O-O Bxc3 13.bxc3 Qxc3 14.Rfe1 a5 15.Bf4 a4
16.Bb5 Nf6 17.Bh6 Re8 18.Bc1 Ne4 19.Ng5 Nxg5 20.Bxg5 Rf8 21.Bh6 Re8 22.Rd3 Qf6
23.c4 Nd4 24.Rxd4 c6 25.Rd3 cxb5 26.cxb5 b6 27.Bd2 Bb7 28.Bc3 Qg5 29.f3 f4
30.Rd7 Rad8 31.Red1 Rc8 32.Ba1 Ba8 33.a3 Rf8 34.Qb2 Qf6 35.Qe2 Qf5 36.Qb2 Rf6
37.Rd8+ Rxd8 38.Rxd8+ Kg7 39.Qc1 Bd5 40.Bxf6+ Kxf6 41.Qb2+ Kxe6 42.Qe2+ Kf7
43.Qd2 Bb3 44.h4 h6 45.Qd4 g5 46.Qh8 Kg6 47.Qe8+ Bf7 48.Qxe7 Kh5 49.hxg5 hxg5
50.Rh8+ Kg6 51.Qd6+ Be6 52.Re8 Kg7 53.Qxe6  1-0

[Event "CSR-ch"]
[Site "Trnava"]
[Date "1980.??.??"]
[Round "10"]
[White "Nun, Jiri"]
[Black "Nemec, Pavel"]
[Result "1/2-1/2"]
[WhiteElo "2370"]
[BlackElo "2200"]

1.e4 g6 2.d4 Bg7 3.Nc3 d6 4.f4 c6 5.Nf3 Bg4 6.Be3 Nd7 7.Be2 e6 8.O-O Ne7
9.Qd2 Qc7 10.Nd1 d5 11.e5 h5 12.Kh1 Nf5 13.b3 h4 14.Kg1 c5 15.c3 Bf8 16.Bf2 Rc8
17.c4 dxc4 18.d5 exd5 19.Qxd5 Nb6 20.Qe4 Qc6 21.Qxc6+ Rxc6 22.bxc4 Be7 23.Rb1 Rc7
24.Nc3 Bxf3 25.Bxf3 Nd4 26.Nd5 Nxf3+ 27.gxf3 Rc6 28.a4 Bd8 29.Rfc1 Rc8 30.Ne3 Rb8
31.Ng4 Be7 32.a5 Nd7 33.Rd1 Nf8 34.Rb5 b6 35.h3 Ne6 36.Be3 Rh5 37.axb6 axb6
38.Rdb1 Rf5 39.Nh6 Rh5 40.Ng4 Rf5 41.Rxb6 Rxb6 42.Rxb6 Nxf4 43.Rb8+ Kd7 44.Rb7+ Ke6
45.Rb6+ Kd7 46.Bxf4 Rxf4 47.e6+ Kc7 48.Ra6 Kb7 49.Ra3 fxe6 50.Re3 Bd8 51.Rxe6 Rxf3
52.Nf2 Bg5 53.Ne4 Rxh3 54.Rxg6 Bd8  1/2-1/2

[Event "Wittlich"]
[Site "Wittlich"]
[Date "1980.??.??"]
[Round "4"]
[White "Nikolaiczuk, Lothar"]
[Black "Sandmeier, Toni"]
[Result "0-1"]
[WhiteElo "2265"]
[BlackElo "2235"]

1.e4 d6 2.d4 g6 3.Nc3 Bg7 4.Nf3 Nf6 5.Be2 O-O 6.O-O Nc6 7.d5 Ne5 8.Nxe5 dxe5
9.Be3 Ne8 10.Qd3 Nd6 11.Rfd1 f5 12.f3 Bd7 13.a4 a6 14.b3 f4 15.Bf2 g5 16.Nb1 Qe8
17.c4 Qg6 18.Nd2 h5 19.Kh1 Bf6 20.c5 Nf7 21.Nc4 Rad8 22.Qc3 Bc8 23.Qa5 g4
24.Qxc7 g3 25.Bg1 h4 26.Bf1 h3 27.gxh3 Qh5 28.Rd3 Bxh3 29.Bxh3 Qxh3 30.Rd2 Rd7
31.Qb6 Ng5 32.Rg2 e6 33.Rf1 exd5 34.exd5 Rxd5 35.Qxb7 Rd7 36.Qxa6 e4 37.Nd2 Qxg2+  0-1

[Event "Wroclaw-A"]
[Site "Wroclaw"]
[Date "1980.??.??"]
[Round "2"]
[White "Pinkas, Karol"]
[Black "Adamski, Andrzej"]
[Result "1-0"]
[WhiteElo "2360"]
[BlackElo "2350"]

1.e4 g6 2.d4 Bg7 3.Nc3 d6 4.Bg5 a6 5.Qd2 b5 6.Nge2 Bb7 7.f3 Nd7 8.h4 Nb6
9.Ng3 h6 10.Be3 h5 11.a4 c6 12.Bd3 Nc4 13.Bxc4 bxc4 14.a5 Nf6 15.Na4 O-O
16.Nb6 Qb8 17.Bh6 d5 18.e5 Nh7 19.Bxg7 Kxg7 20.O-O-O Bc8 21.Rdg1 Rh8 22.Nf1 Nf8
23.Ne3 Nd7 24.Nxc8 Qxc8 25.g4 Qb7 26.Nd1 Qb4 27.Qg5 f6 28.exf6+ exf6 29.Qf4 Rae8
30.gxh5 Nf8 31.hxg6 Ne6 32.Qg4 Qd6 33.Ne3 Qf4 34.Qxf4 Nxf4 35.Nf5+ Kg8 36.Rg4 Ne2+
37.Kd2 Rh5 38.Nd6 Re6 39.Nb7 f5 40.Rg5 Rxg5 41.hxg5 Nxd4 42.Nc5 Nxf3+ 43.Kc3 Re3+
44.Kb4 Re2 45.Rc1 Nd4 46.Nxa6 Nxc2+ 47.Kc3 Ne1 48.Nc5 Nd3 49.Nxd3 cxd3 50.a6 d2
51.Rd1 Re8 52.Kxd2 Ra8 53.Ra1 f4 54.Ke2 d4 55.Kd3 f3 56.Kxd4 f2 57.Rf1 Rxa6
58.Rxf2 Ra5 59.b4 Rxg5 60.Rf6 Rb5 61.Kc4 Rb6 62.Rf7 Kh8 63.Ra7 Kg8 64.Ra4 Kg7
65.Kc5 Rb8 66.Kxc6 Rc8+ 67.Kd6 Rd8+ 68.Kc7 Rd4 69.Kc6 Kxg6 70.Ra6 Kf7 71.b5 Ke7
72.b6 Rd6+ 73.Kb7  1-0